1230 1463 1274 1734 1521 1864 1989 1583 1102 1120 1434 1786 1320 1511 1143 1932 1429 1983 1363 1436 1696 1024 1178 1345 1944 1998 1654 1988 1832 1712 1399 1348 1038 1531 1046 1285 1267 1427 1917 1727 1238 1238 1508 1866 1725 1314 1221 1952 1993 1661 1450 1782 1256 1162 1982 1033 1612 1112 1498 1459 1555 1347 1435 1035 1782 1467 1643 1948 1458 1072 1998 1660 1378 1731 1750 1099 1964 1081 1746 1827 1814 1758 1542 1356 1816 1440 1534 1423 1873 1788 1343 1928 1333 1706 1127 1606 1826 1398 1069 BCNSPRNW ULIB Ver.6.0+V

เปลี่ยนเป็นภาษาไทย

Change to English
 แสดงรายละเอียดบรรณานุกรม
  กลับหน้าหลัก

Brief Record : Get Marc (ISO 2709) : E-mail record : QR code < ปิดหน้าต่าง
Review โดย
ทศพร เกษรทอง
ห้องสมุดวิทยาเขตนครสวรรค์
ทศพร เกษรทอง เมื่อ25/พฤศจิกายน/2557
หน่วยที่ 9 แนวคิดในการวิจัยทางการพยาบาล
หน่วยที่ 10 กระบวนการวิจัยเชิงปริมาณ
หน่วยที่ 11 การประมวลผลและการนำเสนอข้อมูลเชิงปริมาณ
หน่วยที่ 12 กระบวนการวิจัยเชิงคุณภาพ
หน่วยที่ 13 การจัดการโครงการวิจัยทางการพยาบาล
หน่วยที่ 14 การใช้ผลงานวิจัยทางการพยาบาล
หน่วยที่ 15 จริยธรรมด้านสารสนเทศและการวิจัย

LEADER : 00000nam 2200000uu 4500
001    13399123740
003     ULIB
008    141125s2553||||th 000 0 tha d
020    ^a9749755812(ล.2)
060 04 ^aWY20.5^bส747อ ล.2
110 1  ^aมหาวิทยาลัยสุโขทัยธรรมาธิราช.^bสาขาวิชาพยาบาลศาสตร์
245 00 ^aเอกสารการสอนชุดวิชาสารสนเทศและการวิจัยทางการพยาบาล หน่วยที่ 9-15 =^bNursing Informatics and Nursing Research /^cมหาวิทยาลัยสุโขทัยธรรมาธิราช.สาขาวิชาพยาบาลศาสตร์
246 31 ^aสารสนเทศและการวิจัยทางการพยาบาล
250    ^aพิมพ์ครั้งที่ 9
260    ^aนนทบุรี :^bมหาวิทยาลัยสุโขทัยธรรมาธิราช,^c2553
300    ^a358 หน้า ;^bภาพประกอบ ; ตาราง;^c29.5 ซม.
440  0 ^aมหาวิทยาลัยสุโขทัยธรรมาธิราช ;^vอ.51206
505 0  ^aเล่ม 1 หน่วยที่ 1-8 เล่ม 2 หน่วยที่ 9-15
650  7 ^aสารสนเทศทางการพยาบาล
650  7 ^aการพยาบาล^xวิจัย
650  7 ^aการวิจัยทางการพยาบาล
945    ^p400^l0^i21828
945    ^p400^l0^i21829
945    ^p400^l0^i21830
945    ^p400^l0^i21831
945    ^p400^l0^i21832
945    ^p400^l0^i21833
945    ^p400^l0^i21834
945    ^p400^l0^i21835
945    ^p400^l0^i21836
945    ^p400^l0^i21837
999    ^aทศพร เกษรทอง
รายการนี้ยังไม่มีแท็ก
คุณยังไม่ได้ล็อกอิน คุณสามารถมีกิจกรรมร่วมกับเว็บไซต์ได้ แต่ต้องล็อกอินก่อน ::
  ล็อกอิน

รายการสื่อสารสนเทศ

ลำดับที่ ประเภท เลขเรียก/บาร์โค้ด สถานที่ สถานะ
1. Book การพยาบาล
หนังสือสำรอง
สถานะ=หนังสือสำรอง
WY20.5 ส747อ ล.2 ฉ.1 
  Barcode: 21828
ห้องสมุดวิทยาเขตนครสวรรค์
►ส่วนจัดเก็บหนังสือเก่า นว.
บนชั้น
  ขอยืม
2. Book การพยาบาล
Book การพยาบาล
WY20.5 ส747อ ล.2 ฉ.10 
  Barcode: 21837
ห้องสมุดวิทยาเขตนครสวรรค์
►ส่วนจัดเก็บหนังสือเก่า นว.
บนชั้น
  ขอยืม
3. Book การพยาบาล
Book การพยาบาล
WY20.5 ส747อ ล.2 ฉ.2 
  Barcode: 21829
ห้องสมุดวิทยาเขตนครสวรรค์
►ส่วนจัดเก็บหนังสือเก่า นว.
บนชั้น
  ขอยืม
4. Book การพยาบาล
Book การพยาบาล
WY20.5 ส747อ ล.2 ฉ.3 
  Barcode: 21830
ห้องสมุดวิทยาเขตนครสวรรค์
►ส่วนจัดเก็บหนังสือเก่า นว.
บนชั้น
  ขอยืม
5. Book การพยาบาล
Book การพยาบาล
WY20.5 ส747อ ล.2 ฉ.4 
  Barcode: 21831
ห้องสมุดวิทยาเขตนครสวรรค์
►ส่วนจัดเก็บหนังสือเก่า นว.
บนชั้น
  ขอยืม
6. Book การพยาบาล
Book การพยาบาล
WY20.5 ส747อ ล.2 ฉ.5 
  Barcode: 21832
ห้องสมุดวิทยาเขตนครสวรรค์
►ส่วนจัดเก็บหนังสือเก่า นว.
บนชั้น
  ขอยืม
7. Book การพยาบาล
Book การพยาบาล
WY20.5 ส747อ ล.2 ฉ.6 
  Barcode: 21833
ห้องสมุดวิทยาเขตนครสวรรค์
►ส่วนจัดเก็บหนังสือเก่า นว.
บนชั้น
  ขอยืม
8. Book การพยาบาล
Book การพยาบาล
WY20.5 ส747อ ล.2 ฉ.7 
  Barcode: 21834
ห้องสมุดวิทยาเขตนครสวรรค์
►ส่วนจัดเก็บหนังสือเก่า นว.
บนชั้น
  ขอยืม
9. Book การพยาบาล
Book การพยาบาล
WY20.5 ส747อ ล.2 ฉ.8 
  Barcode: 21835
ห้องสมุดวิทยาเขตนครสวรรค์
►ส่วนจัดเก็บหนังสือเก่า นว.
บนชั้น
  ขอยืม
10. Book การพยาบาล
Book การพยาบาล
WY20.5 ส747อ ล.2 ฉ.9 
  Barcode: 21836
ห้องสมุดวิทยาเขตนครสวรรค์
►ส่วนจัดเก็บหนังสือเก่า นว.
บนชั้น
  ขอยืม

รายการใกล้เคียง
    หัวเรื่อง [สารสนเทศทางการพยาบาล]
    หัวเรื่อง [การวิจัยทางการพยาบาล]

BibComment


ยังไม่เคยถูกคอมเมนท์

คอมเมนท์ทรัพยากรรายการนี้
  คอมเมนท์: เอกสารการสอนชุดว..


 Copyright 2026. Bcnsprnw @Library